| 000 | 01048nam a22002657a 4500 | ||
|---|---|---|---|
| 005 | 20180313103049.0 | ||
| 010 | _aB-529125-137 ENG-110476 B-663784 | ||
| 020 |
_a9789381753460 _c125.00 |
||
| 020 |
_a9789381753460 _c145.00 (AV) |
||
| 035 | _aB-529125-137 | ||
| 035 | _aEN-94008 | ||
| 035 | _aB-663784 | ||
| 037 |
_adpl _bUBH/Ven |
||
| 037 |
_adpl _bBookwell/Ven |
||
| 037 | _bDBAD/PUB | ||
| 082 | _a658.4092 | ||
| 100 | _aMaxwell, John C. | ||
| 245 |
_aRelationship 101: _bwhat every leader needs to know / _cby John C. Maxwell |
||
| 260 |
_aNew Delhi _bMaanu Graphics _c(201?) |
||
| 270 |
_a5FF, Ganpati Bhawan, 21 Ansari Road Darya Ganj, _bNew Delhi _e110002 |
||
| 300 |
_a112p. _c22cm(pbk) |
||
| 942 |
_2ddc _cEN _h658.4092 _mMAX |
||
| 999 |
_c83649 _d83649 |
||